Statistics for World Capitals Containing I

Click here to take the quiz!

General Stats

  • This quiz has been taken 5,571 times
    (4,309 since last reset)
  • The average score is 79 of 94

Answer Stats

capital% Correct
Brasília
95%
Berlin
94%
Helsinki
94%
Lisbon
94%
Beijing
93%
Cairo
93%
Mexico City
93%
Riga
93%
Washington
93%
Dublin
92%
Wellington
92%
Madrid
91%
Minsk
91%
Paris
91%
Vilnius
91%
Buenos Aires
90%
Islamabad
90%
Lima
90%
Santiago
90%
Vatican City
90%
Algiers
89%
Bratislava
89%
New Delhi
89%
Quito
89%
Reykjavík
89%
Tallinn
89%
Vienna
89%
Beirut
88%
Chișinău
88%
Dili
88%
Kiev
88%
Singapore
88%
Asunción
87%
Kingston
87%
Podgorica
87%
Riyadh
87%
San Marino
87%
Addis Ababa
86%
Montevideo
86%
Paramaribo
86%
Pristina
86%
Abu Dhabi
85%
Bishkek
85%
Djibouti
85%
Kuwait City
85%
Port-au-Prince
85%
Sofia
85%
Tbilisi
85%
Tirana
85%
Tripoli
85%
Tunis
85%
Hanoi
84%
Kigali
84%
Manila
84%
Pretoria
84%
Apia
83%
Kinshasa
83%
Libreville
83%
Port-of-Spain
83%
Guatemala City
82%
Kingstown
82%
Nairobi
82%
Panama City
82%
Victoria
82%
Brazzaville
81%
Bridgetown
81%
Castries
81%
Nicosia
81%
Port Louis
81%
Port Vila
81%
Vientiane
81%
Santo Domingo
80%
Taipei
80%
Bangui
79%
Mogadishu
79%
Tegucigalpa
79%
Windhoek
79%
Honiara
78%
Saint George's
78%
Saint John's
78%
Bissau
77%
Praia
77%
Antananarivo
76%
Thimphu
76%
Lilongwe
75%
Bandar Seri
Begawan
74%
Palikir
74%
Funafuti
73%
Monrovia
73%
Moroni
73%
Niamey
71%
Naypyidaw
67%
Bloemfontein
66%
Gitega
60%

Score Distribution

Percentile by Number Answered

Percent of People with Each Score

Your Score History

You have not taken this quiz since the last reset